|
|
|
|
| LEADER |
00000nam a2200000 4500 |
| 001 |
vtls012159727 |
| 003 |
SK-MaSNL |
| 005 |
20260301105527.0 |
| 008 |
230131s1896 hu 0 0n0 hun |
| 015 |
|
|
|a SNBHFA
|
| 040 |
|
|
|a SNKHF
|b slo
|c SNKHF
|e rda
|
| 041 |
0 |
|
|a hun
|
| 044 |
|
|
|a hu
|c HU
|
| 072 |
|
7 |
|a 821.511.1
|x Ugrofínske literatúry
|2 konspekt
|
| 080 |
|
|
|a 821.511.141
|2 2011
|
| 100 |
1 |
|
|a Zola, Émile,
|d 1840-1902
|4 aut
|9 107807
|
| 245 |
1 |
0 |
|a A Három Város
|n II. Kötet
|p Róma ;
|c Émile Zola ; Forditotta Cserhalmi H. Irén
|
| 264 |
|
3 |
|a Budapest
|b Az Athenaeum R. Társulat Könyvnyomdája
|c 1896
|
| 300 |
|
|
|a 401 strán
|c 17 cm
|
| 336 |
|
|
|a text
|b txt
|2 rdacontent
|
| 337 |
|
|
|a bez média
|b n
|2 rdamedia
|
| 338 |
|
|
|a zväzok
|b nc
|2 rdacarrier
|
| 546 |
|
|
|a Maďarčina
|b Antikva
|
| 561 |
|
|
|a Exlibris: Szepes-Görgői Könyvtár.
|5 SNK ID 103177
|
| 561 |
|
|
|a Okrúhla pečiatka: Szepes-Görgö.
|5 SNK ID 103177
|
| 650 |
0 |
7 |
|a maďarská literatúra
|2 SNKPH
|9 1193
|
| 650 |
0 |
7 |
|a próza
|2 SNKPH
|9 1490
|
| 710 |
2 |
|
|a Knižnica Čákiovcov (Spišský Hrhov, Slovensko)
|4 fmo
|9 261844
|
| 752 |
|
|
|a Maďarsko
|d Budapešť
|
| 852 |
|
|
|a snk
|b Historické fondy
|p ID 103177
|
| 958 |
|
|
|a DF
|
| 958 |
|
|
|a ONDV
|
| 999 |
|
|
|c 701092
|d 703022
|
| 952 |
|
|
|t SG 80/91
|a SNK
|b SNK
|c SNK_HF
|y PREZ
|7 0
|p 17A1485959
|o snkID 103177
|i snk2023/1895
|8 5
|0 0
|1 0
|4 0
|d 2023-01-31
|l 0
|r 2026-02-23 20:57:15
|w 2026-02-23
|